MARC details
| 000 -LEADER |
| fixed length control field |
03169cam a2200517Ii 4500 |
| 001 - CONTROL NUMBER |
| control field |
48167823 |
| 003 - CONTROL NUMBER IDENTIFIER |
| control field |
OCoLC |
| 005 - DATE AND TIME OF LATEST TRANSACTION |
| control field |
20240604185752.0 |
| 008 - FIXED-LENGTH DATA ELEMENTS--GENERAL INFORMATION |
| fixed length control field |
011017s1997 maua j 000 1 spa d |
| 020 ## - INTERNATIONAL STANDARD BOOK NUMBER |
| International Standard Book Number |
0395786819 |
| 020 ## - INTERNATIONAL STANDARD BOOK NUMBER |
| International Standard Book Number |
9780395786819 |
| 035 ## - SYSTEM CONTROL NUMBER |
| System control number |
(OCoLC)48167823 |
| 040 ## - CATALOGING SOURCE |
| Original cataloging agency |
UUC |
| Language of cataloging |
eng |
| Description conventions |
rda |
| Transcribing agency |
UUC |
| Modifying agency |
OCLCQ |
| -- |
OCLCG |
| -- |
CNCBE |
| -- |
OCLCQ |
| -- |
OCLCO |
| -- |
OCLCF |
| -- |
COV |
| 041 1# - LANGUAGE CODE |
| Language code of text/sound track or separate title |
spa |
| Language code of original |
eng |
| 050 #4 - LIBRARY OF CONGRESS CALL NUMBER |
| Classification number |
LB1573 |
| Item number |
.F74 |
| 082 #4 - DEWEY DECIMAL CLASSIFICATION NUMBER |
| Classification number |
372.6 |
| 092 0# - LOCALLY ASSIGNED DEWEY CALL NUMBER (OCLC) |
| Classification number |
468 J95 1997 |
| 100 1# - MAIN ENTRY--PERSONAL NAME |
| Personal name |
Freeman, David |
| 245 00 - TITLE STATEMENT |
| Title |
Juntos / |
| Statement of responsibility, etc. |
autores principales, David Freeman, Yvonne S. Freeman ; autores, Margarita Calderon [and others]. |
| 246 3# - VARYING FORM OF TITLE |
| Title proper/short title |
Invitaciones. |
| Name of part/section of a work |
Juntos. |
| 260 ## - PUBLICATION, DISTRIBUTION, ETC. (IMPRINT) |
| Place of publication, distribution, etc. |
Boston : |
| Name of publisher, distributor, etc. |
Houghton Mifflin, |
| Date of publication, distribution, etc. |
[1997] |
| 264 #1 - PRODUCTION, PUBLICATION, DISTRIBUTION, MANUFACTURE, AND COPYRIGHT NOTICE |
| Place of production, publication, distribution, manufacture |
Boston : |
| Name of producer, publisher, distributor, manufacturer |
Houghton Mifflin, |
| Date of production, publication, distribution, manufacture, or copyright notice |
[1997] |
| 264 #4 - PRODUCTION, PUBLICATION, DISTRIBUTION, MANUFACTURE, AND COPYRIGHT NOTICE |
| Date of production, publication, distribution, manufacture, or copyright notice |
℗♭1997. |
| 300 ## - PHYSICAL DESCRIPTION |
| Extent |
204 pages : |
| Other physical details |
color illustrations ; |
| Dimensions |
31 cm. |
| 336 ## - CONTENT TYPE |
| Content type term |
text |
| Content type code |
txt |
| Source |
rdacontent. |
| 337 ## - MEDIA TYPE |
| Media type term |
unmediated |
| Media type code |
n |
| Source |
rdamedia. |
| 338 ## - CARRIER TYPE |
| Carrier type term |
volume |
| Carrier type code |
nc |
| Source |
rdacarrier. |
| 490 1# - SERIES STATEMENT |
| Series statement |
Invitaciones. |
| 500 ## - GENERAL NOTE |
| General note |
Spanish language version of: Invitations to literacy. Level 2. Friends / J. David Cooper [and others]. |
| 505 0# - FORMATTED CONTENTS NOTE |
| Formatted contents note |
Para empezar: Mis amigos / Taro Gomi -- Temas: Todos juntos -- Insectos y otros amiguitos -- Todos juntos: Antologia: La gallinita roja / Byron Barton -- Quiero, quiero un amiguito / Graciela M. Pena -- Comelones / Lara Rios -- La panaderita -- Comparte cuentos con Len Cabral -- El parque / Alma Flor Ada -- El nabo / Cecilia Beuchat, Mabel Condemarin -- Cultivemos un huerto de la victoria / Marjorie Waters -- Que banda -- Taller de escritores: como hacer un papalote -- Tu puedes hacer la diferencia -- Main aux Fleurs (Mano con flores) / Picasso -- Flores / Juan Bautista Grosso -- Insectos y otros amiguitos: El piojo y la pulga / Jose-Luis Orozco -- ABC de mariposa / Kjell B. Sandved -- Su propio color / Leo Lionni -- Camaleon / Yanitzia Canetti -- Datos divertidos. |
| 521 ## - TARGET AUDIENCE NOTE |
| Target audience note |
Grades K-6. |
| 650 #0 - SUBJECT ADDED ENTRY--TOPICAL TERM |
| Topical term or geographic name as entry element |
Children's stories, Spanish. |
| Authority record control number |
https://id.loc.gov/authorities/subjects/sh85023831. |
| 650 #0 - SUBJECT ADDED ENTRY--TOPICAL TERM |
| Topical term or geographic name as entry element |
Children's poetry, Spanish. |
| Authority record control number |
https://id.loc.gov/authorities/subjects/sh85023760. |
| 650 #0 - SUBJECT ADDED ENTRY--TOPICAL TERM |
| Topical term or geographic name as entry element |
Children's stories, Spanish |
| Authority record control number |
https://id.loc.gov/authorities/subjects/sh85023831 |
| General subdivision |
Translations from English. |
| 650 #0 - SUBJECT ADDED ENTRY--TOPICAL TERM |
| Topical term or geographic name as entry element |
Children's stories, English |
| Authority record control number |
https://id.loc.gov/authorities/subjects/sh85023798 |
| Form subdivision |
Translations into Spanish. |
| Authority record control number |
https://id.loc.gov/authorities/subjects/sh99001577. |
| 650 #0 - SUBJECT ADDED ENTRY--TOPICAL TERM |
| Topical term or geographic name as entry element |
Language arts (Elementary) |
| Authority record control number |
https://id.loc.gov/authorities/subjects/sh85074550. |
| 650 #0 - SUBJECT ADDED ENTRY--TOPICAL TERM |
| Topical term or geographic name as entry element |
Reading (Elementary) |
| Authority record control number |
https://id.loc.gov/authorities/subjects/sh85111676. |
| 650 #0 - SUBJECT ADDED ENTRY--TOPICAL TERM |
| Topical term or geographic name as entry element |
Spanish language |
| Form subdivision |
Readers. |
| 655 #7 - INDEX TERM--GENRE/FORM |
| Genre/form data or focus term |
Readers (Publications) |
| Source of term |
lcgft |
| Authority record control number |
https://id.loc.gov/authorities/genreForms/gf2014026160. |
| 700 1# - ADDED ENTRY--PERSONAL NAME |
| Personal name |
Freeman, Yvonne S. |
| Authority record control number |
https://id.loc.gov/authorities/names/n92001012. |
| 700 1# - ADDED ENTRY--PERSONAL NAME |
| Personal name |
Calderon, Margarita. |
| Authority record control number |
https://id.loc.gov/authorities/names/n86135798. |
| 700 1# - ADDED ENTRY--PERSONAL NAME |
| Personal name |
Cooper, J. David |
| Fuller form of name |
(James David), |
| Dates associated with a name |
1942- |
| Authority record control number |
https://id.loc.gov/authorities/names/n79071446. |
| 710 2# - ADDED ENTRY--CORPORATE NAME |
| Corporate name or jurisdiction name as entry element |
Houghton Mifflin Company. |
| Authority record control number |
https://id.loc.gov/authorities/names/n79073908. |
| 830 #0 - SERIES ADDED ENTRY--UNIFORM TITLE |
| Uniform title |
Invitaciones. |
| 942 ## - ADDED ENTRY ELEMENTS (KOHA) |
| Koha item type |
Libro/Book |